[Event "Milan Crespi op-B 29th"]
[Site "Milan"]
[Date "2008.12.04"]
[Round "1"]
[White "Regorda, Vittorio"]
[Black "Guerra, Efrain"]
[Result "0-1"]
[WhiteElo "1860"]
[BlackElo "1941"]
[PlyCount "94"]
[EventDate "2008.12.05"]
[EventType "swiss"]
[EventRounds "7"]
[EventCountry "ITA"]
[SourceTitle "EXT 2010"]
[Source "ChessBase"]
[SourceDate "2010.11.25"]
[SourceVersion "1"]
[SourceVersionDate "2010.11.25"]
[SourceQuality "1"]

1. d4 d5 2. Nf3 c6 3. c3 Nf6 4. Bg5 Ne4 5. Nbd2 h6 6. Bh4 Nd6 7. e3 Bf5 8. Qb3 Qb6 9. Be2 Nd7 10. Bg3 e6 11. 0-0 Be7 12. Ne1 Nf6 13. f3 Bg6 14. Bf2 Qc7 15. c4 Rd8 16. c5 Nc8 17. Qc3 0-0 18. Bg3 Qd7 19. Nd3 Bxd3 20. Bxd3 Nh5 21. Bf2 f5 22. Rad1 Nf6 23. b4 a6 24. a4 Na7 25. Bb1 Qe8 26. Nb3 g5 27. Nc1 Rd7 28. Nd3 Bd8 29. Ne5 Rg7 30. Kh1 h5 31. Rde1 Bc7 32. Qd2 h4 33. e4 fxe4 34. fxe4 Qh5 35. Nf3 Bf4 36. Be3 Ng4 37. Bxf4 gxf4 38. Rg1 Ne3 39. Qf2 Rg3 40. Rxe3 fxe3 41. Qxe3 Kh8 42. exd5 cxd5 43. Qe1 Rfxf3 44. Qe5+ Qxe5 45. dxe5 Re3 46. hxg3 hxg3 47. Rd1 Rxe5 0-1

[Event "Milan Crespi op-B 28th"]
[Site "Milan"]
[Date "2007.12.09"]
[Round "6"]
[White "Guerra, Efrain"]
[Black "Villalba, Fernando"]
[Result "1-0"]
[WhiteElo "1900"]
[BlackElo "1891"]
[PlyCount "57"]
[EventDate "2007.12.06"]
[EventType "swiss"]
[EventRounds "6"]
[EventCountry "ITA"]
[SourceTitle "EXT 2009"]
[Source "ChessBase"]
[SourceDate "2008.11.26"]
[SourceVersion "1"]
[SourceVersionDate "2008.11.26"]
[SourceQuality "1"]

1. e4 c5 2. Nf3 Nc6 3. d4 cxd4 4. Nxd4 g6 5. Bc4 Bg7 6. c3 Nf6 7. Qe2 d6 8. 0-0 0-0 9. Bg5 Qb6 10. Nb3 Ne5 11. Be3 Qc7 12. Bd3 Nxd3 13. Qxd3 Be6 14. N1d2 a6 15. Nd4 Bd7 16. f3 Rac8 17. c4 Bc6 18. b4 Qb8 19. a4 Be8 20. Ra3 Nd7 21. Rb1 Ne5 22. Qb3 Nc6 23. Nxc6 bxc6 24. b5 cxb5 25. cxb5 Rc7 26. b6 Rb7 27. Nc4 Bd7 28. Na5 Be6 29. Qb4 1-0

[Event "Milan Crespi op-B 28th"]
[Site "Milan"]
[Date "2007.12.07"]
[Round "3"]
[White "Bondi, Fabio"]
[Black "Guerra, Efrain"]
[Result "1-0"]
[WhiteElo "1820"]
[BlackElo "1900"]
[PlyCount "119"]
[EventDate "2007.12.06"]
[EventType "swiss"]
[EventRounds "6"]
[EventCountry "ITA"]
[SourceTitle "EXT 2009"]
[Source "ChessBase"]
[SourceDate "2008.11.26"]
[SourceVersion "1"]
[SourceVersionDate "2008.11.26"]
[SourceQuality "1"]

1. d4 Nf6 2. Bf4 d5 3. e3 g6 4. h3 Bg7 5. Nf3 0-0 6. Be2 c5 7. c3 cxd4 8. cxd4 Nc6 9. Nc3 Bf5 10. 0-0 Be4 11. Rc1 Bxf3 12. Bxf3 Qd7 13. Qe2 a6 14. Rfd1 b5 15. a3 Rac8 16. b4 e6 17. Qb2 Qe7 18. Qb3 Nd7 19. Ne2 Nb6 20. e4 dxe4 21. Bxe4 Nc4 22. Bf3 e5 23. dxe5 N6xe5 24. Bxe5 Bxe5 25. Re1 Qf6 26. Rcd1 Rcd8 27. Ng3 Bd4 28. Qa2 Ne5 29. Be4 h5 30. Bb1 Nc4 31. Ne4 Qf4 32. Rd3 Ne5 33. Rg3 h4 34. Rb3 Kg7 35. Qe2 f5 36. Nc5 Rfe8 37. Qf1 Ng4 38. hxg4 Bxf2+ 39. Qxf2 Qxf2+ 40. Kxf2 Rd2+ 41. Kf1 Rxe1+ 42. Kxe1 Rxg2 43. gxf5 g5 44. Kf1 Rd2 45. Ne4 Rd1+ 46. Kg2 g4 47. f6+ Kf7 48. Rb2 Rd4 49. Rd2 Rxd2+ 50. Nxd2 Kxf6 51. Ne4+ Ke5 52. Nc5 Kf4 53. Be4 Ke3 54. Bb7 Kd4 55. Bxa6 Kc4 56. Bc8 g3 57. Bb7 Kc3 58. Kh3 Kb2 59. Kxh4 Kxa3 60. Na6 1-0

[Event "Gorgonzola op-B 12th"]
[Site "Gorgonzola"]
[Date "2007.11.11"]
[Round "3"]
[White "Delledonne, Francesco"]
[Black "Guerra, Efrain"]
[Result "1-0"]
[WhiteElo "1837"]
[BlackElo "1900"]
[PlyCount "113"]
[EventDate "2007.11.10"]
[EventType "swiss"]
[EventRounds "6"]
[EventCountry "ITA"]
[SourceTitle "EXT 2010"]
[Source "ChessBase"]
[SourceDate "2010.11.25"]
[SourceVersion "1"]
[SourceVersionDate "2010.11.25"]
[SourceQuality "1"]

1. Nf3 d5 2. d4 Nf6 3. c4 g6 4. cxd5 Bg7 5. Nc3 Nxd5 6. e4 Nxc3 7. bxc3 0-0 8. Be3 c5 9. Qd2 Qa5 10. Be2 Rd8 11. Rd1 Nc6 12. 0-0 Bg4 13. Qb2 b6 14. h3 Bxf3 15. Bxf3 cxd4 16. cxd4 e5 17. d5 Nd4 18. Bxd4 exd4 19. Rfe1 Qc3 20. Qd2 Qxd2 21. Rxd2 Be5 22. Be2 Rac8 23. Ba6 Rc3 24. Rf1 g5 25. Bb7 h5 26. g3 Kh7 27. Kh1 h4 28. f4 gxf4 29. gxf4 Rxh3+ 30. Kg2 Rg3+ 31. Kh2 Bd6 32. Rg2 Rdg8 33. Rxg3 Rxg3 34. e5 Be7 35. d6 Bd8 36. Rd1 Ra3 37. Bd5 Kg7 38. Bb3 b5 39. Rxd4 a5 40. f5 a4 41. Bd5 Re3 42. Rg4+ Kf8 43. Re4 Rd3 44. Bc6 Rd2+ 45. Kh3 Rd3+ 46. Kg4 Rg3+ 47. Kh5 Rg5+ 48. Kxh4 Rxf5+ 49. Kg3 a3 50. Bxb5 f6 51. Kg4 Rf2 52. e6 f5+ 53. Kg3 fxe4 54. Kxf2 Bg5 55. e7+ Bxe7 56. dxe7+ Kxe7 57. Ke3 1-0

[Event "Gorgonzola op-B 12th"]
[Site "Gorgonzola"]
[Date "2007.11.11"]
[Round "2"]
[White "Guerra, Efrain"]
[Black "Agrifoglio, Fabio"]
[Result "0-1"]
[WhiteElo "1900"]
[BlackElo "1989"]
[PlyCount "146"]
[EventDate "2007.11.10"]
[EventType "swiss"]
[EventRounds "6"]
[EventCountry "ITA"]
[SourceTitle "EXT 2010"]
[Source "ChessBase"]
[SourceDate "2010.11.25"]
[SourceVersion "1"]
[SourceVersionDate "2010.11.25"]
[SourceQuality "1"]

1. e4 g6 2. d4 d6 3. Bd3 Bg7 4. Ne2 Nc6 5. c3 e5 6. 0-0 Nf6 7. Bg5 h6 8. Bh4 g5 9. Bg3 Nh5 10. Bb5 0-0 11. Na3 Nf4 12. Nc2 Bd7 13. Ne3 Nxd4 14. Nxd4 exd4 15. Bxd7 dxe3 16. fxe3 Nxg2 17. Bf5 Nxe3 18. Qh5 Nxf1 19. Rxf1 Qe7 20. Bf2 c5 21. h4 d5 22. Be3 Qe5 23. Kg2 Rac8 24. hxg5 Rc6 25. Bf4 Qe8 26. exd5 Rg6 27. d6 Rxd6 28. Bxd6 Qc6+ 29. Rf3 Qxd6 30. Kh3 Qd1 31. gxh6 Qh1+ 32. Kg4 Qg2+ 33. Rg3 Qe2+ 34. Kh4 Qh2+ 35. Bh3 Qf2 36. hxg7 Qf4+ 37. Bg4 Kxg7 38. Qg5+ Qxg5+ 39. Kxg5 Rd8 40. Bf3 b6 41. Kf5+ Kf8 42. Rg2 Rd3 43. Be4 Rd6 44. c4 Ke7 45. Bd5 Rf6+ 46. Ke5 Rf1 47. Re2 Kd7 48. Be4 f6+ 49. Kd5 Rd1+ 50. Bd3 Rxd3+ 51. Ke4 Rd1 52. Kf5 Rf1+ 53. Ke4 f5+ 54. Ke5 Ke7 55. Rh2 Kf7 56. a3 f4 57. Kf5 f3 58. Kf4 Kf6 59. Rh6+ Kg7 60. Rh2 Kg6 61. b4 f2 62. Rg2+ Kf6 63. Kf3 Ke5 64. bxc5 bxc5 65. Rg4 Rg1 66. Re4+ Kf5 67. Rf4+ Kg5 68. Kxf2 Kxf4 69. Kxg1 Ke4 70. Kf1 Kd3 71. Kf2 Kxc4 72. Ke1 a5 73. a4 Kb3 0-1

[Event "Gorgonzola op-B 12th"]
[Site "Gorgonzola"]
[Date "2007.11.10"]
[Round "1"]
[White "Fuccio, Sergio"]
[Black "Guerra, Efrain"]
[Result "0-1"]
[WhiteElo "1778"]
[BlackElo "1900"]
[PlyCount "78"]
[EventDate "2007.11.10"]
[EventType "swiss"]
[EventRounds "6"]
[EventCountry "ITA"]
[SourceTitle "EXT 2010"]
[Source "ChessBase"]
[SourceDate "2010.11.25"]
[SourceVersion "1"]
[SourceVersionDate "2010.11.25"]
[SourceQuality "1"]

1. Nf3 d5 2. b3 Nf6 3. Bb2 e6 4. e3 c5 5. c4 g6 6. cxd5 exd5 7. Bb5+ Bd7 8. Bxd7+ Nbxd7 9. Nc3 Nb6 10. 0-0 Bg7 11. d4 cxd4 12. Nxd4 0-0 13. Rc1 a6 14. Nde2 Qe7 15. Nf4 Rad8 16. Qd4 Qd6 17. Rfd1 Nh5 18. Qd2 Nxf4 19. exf4 d4 20. Nb1 Rfe8 21. Ba3 Qf6 22. Rc7 Nd5 23. Rxb7 Nxf4 24. Re7 Nh3+ 25. gxh3 Rxe7 26. Bxe7 Qxe7 27. Qd3 Qe6 28. Nc3 Re8 29. Na4 Qe2 30. Nc5 Qxa2 31. Qxa6 Qc2 32. Qc6 Qxd1+ 33. Kg2 Qe2 34. b4 h5 35. b5 Re5 36. Qc8+ Kh7 37. Qd8 Rf5 38. Nd3 Qf3+ 39. Kg1 Bf6 0-1